|
|
|
|
| LEADER |
00997nam a2200289 4500 |
| 001 |
DLU210196167 |
| 005 |
##20210420 |
| 040 |
# |
# |
|a DLU
|b vie
|
| 041 |
# |
# |
|a vie
|
| 044 |
# |
# |
|a vn
|
| 100 |
# |
# |
|a Lò Thị Phương Nhung.
|
| 245 |
# |
# |
|a Sự hình thành chiến lược Ấn Độ Dương - Thái Bình Dương tự do và mở rộng và những tác động tới ASEAN /
|c Lò Thị Phương Nhung, Nguyễn Đức Hùng.
|
| 653 |
# |
# |
|a Ấn Độ
|
| 653 |
# |
# |
|a ASEAN
|
| 653 |
# |
# |
|a Australia
|
| 653 |
# |
# |
|a Hoa Kỳ
|
| 653 |
# |
# |
|a Nhật Bản
|
| 700 |
# |
# |
|n guyễn Đức Hùng.
|
| 773 |
# |
# |
|t Châu Mỹ ngày nay
|g Số 8(245), 2018, tr. 38-46
|
| 920 |
# |
# |
|a Phòng Tạp chí -- Trung tâm Thông tin - Thư viện Trường Đại học Đà Lạt
|
| 900 |
# |
# |
|a True
|
| 911 |
# |
# |
|a Nguyễn Thị Thu Phương
|
| 925 |
# |
# |
|a G
|
| 926 |
# |
# |
|a A
|
| 927 |
# |
# |
|a BB
|
| 980 |
# |
# |
|a Thư viện Trường Đại học Đà Lạt
|